Municipios de Pontevedra en un mapa - Estadísticas

Estadísticas generales
  • Esta prueba ha sido intentada 10 veces
    3 desde el último reinicio
  • La puntuación promedio es 44 de 62
Respuestas en el mapa
Las respuestas están codificadas por una escala verde-roja en el mapa de la prueba según el % correcto abajo.
 
Estadísticas de respuestas
Respuesta % Correcto
A Guarda
100%
A Illa de Arousa
100%
Baiona
100%
Cambados
100%
Cangas
100%
Marín
100%
O Grove
100%
Oia
100%
Poio
100%
Pontevedra
100%
Sanxenxo
100%
Tui
100%
Vigo
100%
Vilagarcía de Arousa
100%
Vilanova de Arousa
100%
A Cañiza
67%
A Estrada
67%
Agolada
67%
Arbo
67%
Barro
67%
Bueu
67%
Caldas de Reis
67%
Campo Lameiro
67%
Catoira
67%
Cerdedo
67%
Cerdedo
67%
Cuntis
67%
Dozón
67%
Forcarei
67%
Fornelos de Montes
67%
Gondomar
67%
Lalín
67%
Meaño
67%
Meis
67%
Moaña
67%
Mondariz
67%
Mondariz-Balneario
67%
Moraña
67%
Mos
67%
Nigrán
67%
O Rosal
67%
Pazos de Borbén
67%
Ponteareas
67%
Ponte Caldelas
67%
Pontecesures
67%
Portas
67%
Redondela
67%
Ribadumia
67%
Rodeiro
67%
Salceda de Caselas
67%
Silleda
67%
Tomiño
67%
Valga
67%
Vilaboa
67%
Vila de Cruces
67%
A Lama
33%
As Neves
33%
Covelo
33%
Crecente
33%
O Porriño
33%
Salvaterra de Miño
33%
Sotomaior
33%
No se encontraron pruebas coincidentes
Distribución de puntuación
Porcentaje de gente con cada puntuación
Porcentaje por número respondido
Historial de tus puntuaciones
No has intentado esta prueba desde el último reinicio